| 000 | 00445nam a2200169 4500 | ||
|---|---|---|---|
| 001 | 45601 | ||
| 090 | _a45601 | ||
| 100 | _a20260202 pory50 | ||
| 101 | _apor | ||
| 102 | _aPT | ||
| 200 |
_aEra uma vez _fcoord. e textos finais Matilde Rosa Araújo _g[vários autores dos textos originais] |
||
| 210 |
_a[S.l.] _cEditora Abril Morumbi _d[S.d.] |
||
| 215 |
_av. _cil. |
||
| 225 | _aEra uma vez | ||
| 675 | _a82-93 | ||
| 801 |
_aPT _gRPC |
||
| 990 | _cLIVROS | ||